Online
Catalog

El cuento Español : (Record no. 40566)

MARC details
000 -CABECERA
campo de control de longitud fija 00807nam a2200205 a 4500
001 - NÚMERO DE CONTROL
campo de control 000041076
005 - FECHA Y HORA DE LA ÚLTIMA TRANSACCIÓN
campo de control 20201002034611.0
008 - DATOS DE LONGITUD FIJA--INFORMACIÓN GENERAL
campo de control de longitud fija 130917s1992 sp 000 0 spa d
020 ## - NÚMERO INTERNACIONAL ESTÁNDAR DEL LIBRO
Número Internacional Estándar del Libro 8400072138
040 ## - FUENTE DE LA CATALOGACIÓN
Centro catalogador/agencia de origen DO-SdBNP
Lengua de catalogación spa
Centro/agencia transcriptor BNPHU
100 1# - ENTRADA PRINCIPAL--NOMBRE DE PERSONA
Nombre de persona Baquero Goyanes, Mariano
9 (RLIN) 21222
245 13 - MENCIÓN DE TÍTULO
Título El cuento Español :
Resto del título Del romanticismo al realismo /
Mención de responsabilidad, etc. Mariano Baquero Goyanes ; edición revisada por Ana L. Baquero Escudero.
260 ## - PUBLICACIÓN, DISTRIBUCIÓN, ETC.
Lugar de publicación, distribución, etc. Madrid :
Nombre del editor, distribuidor, etc. Consejo Superior de Invesigaciones Científicas,
Fecha de publicación, distribución, etc. 1992.
300 ## - DESCRIPCIÓN FÍSICA
Extensión XII, 287 p. ;
Dimensiones 25 cm.
490 1# - MENCIÓN DE SERIE
Mención de serie Biblioteca de Filología Hispánica ;
Designación de volumen o secuencia 6
504 ## - NOTA DE BIBLIOGRAFÍA, ETC.
Nota de bibliografía, etc. Bibliografía
700 1# - PUNTO DE ACCESO ADICIONAL--NOMBRE DE PERSONA
Nombre de persona Baquero Escudero, Ana Luisa
9 (RLIN) 67580
710 2# - PUNTO DE ACCESO ADICIONAL--NOMBRE DE ENTIDAD CORPORATIVA
Nombre de entidad corporativa o nombre de jurisdicción como elemento de entrada Consejo Superior de Invesigaciones Científicas
9 (RLIN) 67474
830 10 - PUNTO DE ACCESO ADICIONAL DE SERIE-TÍTULO UNIFORME
Título uniforme : Biblioteca de Filología Hispánica
Número de parte o sección de la obra 6
9 (RLIN) 67581
Holdings
Estado de retiro Estado de pérdida Restricciones de uso No para préstamo Código de colección Localización permanente Ubicación/localización actual Ubicación en estantería Fecha de adquisición Número de inventario Total de préstamos Signatura topográfica completa Código de barras Fecha visto por última vez Precio válido a partir de Tipo de ítem Koha
      Excluido de préstamo Monografías: Libros y Folletos General General En catalogación 17.09.2013 LF1   41076-10 25.06.2020 25.06.2020 No se presta

Powered by Koha